Lord Jim

Novela, que como es costumbre normalmente en las obras de Conrad, es narrada por Charles Marlow, quien nos relata la historia de Jim, un joven marinero acusado de abandonar a su muerte a unos pajeros del barco donde trabajaba, cuando este se estaba hundiendo. Con este pecado, el hombre emprende un v...

Celý popis

Uloženo v:
Podrobná bibliografie
Hlavní autor: Conrad, Joseph
Médium: Kniha
Jazyk:Undetermined
Vydáno: Inglaterra Penguin Books 1989
Témata:
Tagy: Přidat tag
Žádné tagy, Buďte první, kdo vytvoří štítek k tomuto záznamu!

MARC

LEADER 00000nam a2200000Ia 4500
008 170316s9999 xx 000 0 und d
040 |a cru BVZT 
090 |a 820 C-12L 
100 |a Conrad, Joseph 
245 |a Lord Jim 
260 |a Inglaterra 
260 |b Penguin Books 
260 |c 1989 
300 |a 377 páginas 
520 |a Novela, que como es costumbre normalmente en las obras de Conrad, es narrada por Charles Marlow, quien nos relata la historia de Jim, un joven marinero acusado de abandonar a su muerte a unos pajeros del barco donde trabajaba, cuando este se estaba hundiendo. Con este pecado, el hombre emprende un viaje para enmendar sus actos pasados y cumplir su anhelo de ser un héroe. 
650 |a LITERATURA INGLESA  |9 12 
999 |c 6775  |d 6775 
942 |c 15 D  |h 820 C-12L  |2 z